| 000 | 01226nam a2200325Ia 4500 | ||
|---|---|---|---|
| 003 | OSt | ||
| 005 | 20221007124924.0 | ||
| 006 | a|||||r|||| 00| 0 | ||
| 007 | ta | ||
| 008 | 221006b |||||||| |||| 00| 0 eng d | ||
| 020 | _a9781786344236 (HBK) | ||
| 024 | _a200506 | ||
| 037 |
_b5397, 22/02/2019, Ashutosh Technical Books _cTextual |
||
| 040 |
_aCDL _cCDL _beng |
||
| 041 |
_2eng _aeng |
||
| 082 | _aC5:38N28, Q8 Carc | ||
| 100 |
_aKneipp Katrin Ed. _9721009 |
||
| 245 | 0 |
_aRecent developments in plasmon-supported raman spectroscopy: 45 years of enhanced raman signals _b Ozaki Yukihiro Ed. Tian Zhong-qun Ed. |
|
| 260 |
_aNew _bJersey World Scientific _c2018 |
||
| 300 |
_axvi,496p. col. ill. _ccm. |
||
| 500 | _aIndex 483-496p. | ||
| 650 |
_a Hierachical porous plasmonic _9721010 |
||
| 650 |
_a Nanoplasmonics fundamentals _9721011 |
||
| 650 |
_a Vibrational sensing and imaging _9721012 |
||
| 650 | _aChemistry | ||
| 700 |
_a Ozaki Yukihiro Ed. _9721013 |
||
| 700 |
_a Tian Zhong-qun Ed. _9721014 |
||
| 942 |
_hC5:38N28, Q8 Carc _cTEXL _2CC |
||
| 999 |
_c1214386 _d1214386 |
||